[Event "Mercredi 2018.01.10 ABCD"]
[Site "Montreal CAN"]
[Date "2018.01.31"]
[Round "4"]
[White "Nikulich, Oleksandr"]
[Black "Pomerantz, Daniel"]
[Result "1-0"]
[WhiteElo "2037"]
[BlackElo "2051"]
[PlyCount "51"]
[EventDate "2018.01.10"]
[EventType "tourn"]
[EventRounds "5"]
[EventCountry "CAN"]

1. e4 c5 2. c3 Nf6 3. e5 Nd5 4. Nf3 e6 5. Be2 b6 6. O-O Bb7 7. d4 cxd4 8. c4
Nb4 9. Na3 d3 10. Bxd3 Nxd3 11. Qxd3 Be7 12. Nb5 O-O 13. Rd1 Bc6 14. Nfd4 f6
15. Qg3 Bxb5 16. Nxe6 dxe6 17. Rxd8 Rxd8 18. Bh6 g6 19. cxb5 Nd7 20. exf6 Nxf6
21. Qh3 Kf7 22. Re1 e5 23. Qb3+ Ke8 24. Rxe5 Ng4 25. Qg8+ Kd7 26. Qe6+ 1-0

[Event "Mercredi 2018.01.10 ABCD"]
[Site "Montreal CAN"]
[Date "2018.01.31"]
[Round "4"]
[White "Nunez, Omar"]
[Black "Dumouchel, Alain"]
[Result "1/2-1/2"]
[WhiteElo "1974"]
[BlackElo "1918"]
[PlyCount "59"]
[EventDate "2018.01.10"]
[EventType "tourn"]
[EventRounds "5"]
[EventCountry "CAN"]

1. Nf3 Nf6 2. d4 g6 3. Bf4 Bg7 4. e3 c5 5. Nc3 O-O 6. Be2 Na6 7. O-O b6 8. h3
d6 9. Qd2 Bb7 10. Rfd1 cxd4 11. exd4 Rc8 12. Bh6 Qd7 13. Bxg7 Kxg7 14. Qe3 Nb4
15. Rac1 Rc7 16. a3 Nbd5 17. Nxd5 Nxd5 18. Qd2 Qf5 19. c4 Nf4 20. d5 e6 21. Kh2
exd5 22. Bf1 h5 23. g3 Ne6 24. Nh4 Qf6 25. cxd5 Rxc1 26. Rxc1 Nc5 27. Re1 Rc8
28. Re3 Nd7 29. Rf3 Qe5 30. Nf5+ 1/2-1/2

[Event "Mercredi 2018.01.10 ABCD"]
[Site "Montreal CAN"]
[Date "2018.01.31"]
[Round "4"]
[White "Tremblay, Alain"]
[Black "Boudreau, Daniel"]
[Result "0-1"]
[WhiteElo "2092"]
[BlackElo "2092"]
[PlyCount "74"]
[EventDate "2018.01.10"]
[EventType "tourn"]
[EventRounds "5"]
[EventCountry "CAN"]

1. d4 Nf6 2. Nf3 e6 3. e3 d5 4. Bd3 c5 5. b3 Nc6 6. Bb2 Bd6 7. Ne5 Qc7 8. f4 a6
9. a3 b5 10. O-O c4 11. Be2 Bb7 12. Nc3 Ne7 13. Bf3 Nf5 14. Qe2 Rc8 15. g3 Ne4
16. b4 g6 17. Rfd1 O-O 18. Ng4 Be7 19. Bxe4 dxe4 20. Nf2 Rfd8 21. Rd2 Nd6 22.
d5 exd5 23. Rxd5 Bxd5 24. Nxd5 Qb7 25. Rd1 Nf5 26. Qd2 c3 27. Bxc3 Rxd5 28.
Qxd5 Qxd5 29. Rxd5 Rxc3 30. Nxe4 Rxa3 31. c3 Nxe3 32. Rd7 Kf8 33. Rd3 Ng4 34.
h3 Nf6 35. Nc5 Ke8 36. Nb7 Ne4 37. Re3 f5 0-1

[Event "Mercredi 2018.01.10 ABCD"]
[Site "Montreal CAN"]
[Date "2018.01.31"]
[Round "4"]
[White "Zheng, Richard"]
[Black "Have, Didier"]
[Result "1-0"]
[WhiteElo "2094"]
[BlackElo "2069"]
[PlyCount "77"]
[EventDate "2018.01.10"]
[EventType "tourn"]
[EventRounds "5"]
[EventCountry "CAN"]

1. d4 d5 2. c4 Nc6 3. e3 e5 4. dxe5 d4 5. exd4 Bb4+ 6. Nc3 Qxd4 7. Qxd4 Nxd4 8.
Bd3 Be6 9. Be3 O-O-O 10. Bxd4 Rxd4 11. O-O-O Bxc3 12. bxc3 Rd7 13. Ne2 Ne7 14.
Nd4 g6 15. Nxe6 fxe6 16. Be4 Rxd1+ 17. Rxd1 Rf8 18. Rf1 g5 19. g3 Nf5 20. Kd2
Rd8+ 21. Ke2 Rf8 22. Rb1 b6 23. Rd1 Nh6 24. f3 Nf7 25. f4 gxf4 26. gxf4 Nh6 27.
Kf3 Nf7 28. Ke3 Nh6 29. Rg1 Nf5+ 30. Bxf5 Rxf5 31. Rg8+ Kb7 32. Re8 Rh5 33.
Rxe6 Rxh2 34. f5 Rh1 35. f6 Rf1 36. Re7 Kc6 37. f7 h5 38. Re6+ Kd7 39. Rf6 1-0

[Event "Mercredi 2018.01.10 ABCD"]
[Site "Montreal CAN"]
[Date "2018.02.07"]
[Round "5"]
[White "Boudreau, Daniel"]
[Black "Nikulich, Oleksandr"]
[Result "1-0"]
[WhiteElo "2092"]
[BlackElo "2037"]
[PlyCount "57"]
[EventDate "2018.01.10"]
[EventType "tourn"]
[EventRounds "5"]
[EventCountry "CAN"]

1. e4 e5 2. Nc3 Nf6 3. Bc4 Bc5 4. f4 Bxg1 5. Rxg1 O-O 6. d3 d5 7. Nxd5 Nxd5 8.
Bxd5 Qh4+ 9. Kf1 Nc6 10. f5 Nd4 11. c3 c6 12. Bb3 Nxb3 13. axb3 g6 14. Qf3 Be6
15. c4 Rad8 16. g4 Qxh2 17. Qg2 Qxg2+ 18. Rxg2 Bc8 19. Ke2 a6 20. Bh6 Rfe8 21.
Bg5 Rd4 22. Rh1 Rd6 23. c5 f6 24. cxd6 fxg5 25. Rh6 Kg7 26. Rgh2 Rh8 27. Kf3
Bd7 28. fxg6 Rf8+ 29. Kg3 1-0

[Event "Mercredi 2018.01.10 ABCD"]
[Site "Montreal CAN"]
[Date "2018.02.07"]
[Round "5"]
[White "Brassard, Sylvain"]
[Black "Destree, Frederic"]
[Result "1-0"]
[WhiteElo "1826"]
[BlackElo "1904"]
[PlyCount "107"]
[EventDate "2018.01.10"]
[EventType "tourn"]
[EventRounds "5"]
[EventCountry "CAN"]

1. d4 Nf6 2. Nf3 g6 3. Bf4 Bg7 4. e3 O-O 5. Be2 d6 6. h3 b6 7. O-O Bb7 8. Nbd2
Nbd7 9. c3 Re8 10. Bh2 e5 11. dxe5 dxe5 12. Qc2 e4 13. Nd4 c5 14. Nb5 Ne5 15.
Nc4 Nxc4 16. Bxc4 Re7 17. Rfd1 Rd7 18. Nd6 Qf8 19. Bb5 Bc8 20. Bxd7 Bxd7 21.
Nxe4 Bf5 22. Nxf6+ Bxf6 23. e4 Be6 24. Rd2 Qh6 25. f4 Qh5 26. Qd1 Qh4 27. Qf3
Rd8 28. Rxd8+ Bxd8 29. Bg3 Qf6 30. f5 gxf5 31. exf5 Qxf5 32. Qxf5 Bxf5 33. Bb8
a6 34. Rd1 Be7 35. Bc7 Be6 36. a3 b5 37. Bd8 Kf8 38. Bxe7+ Kxe7 39. Kf2 a5 40.
Ke3 b4 41. Kf4 Bb3 42. Rd2 Be6 43. Kg5 f6+ 44. Kh6 Bf5 45. Kg7 h5 46. h4 bxa3
47. bxa3 c4 48. g3 Bg4 49. Rd4 Be6 50. Re4 f5 51. Re5 a4 52. Kg6 Kd6 53. Ra5
Bd7 54. Kxh5 1-0

[Event "Mercredi 2018.01.10 ABCD"]
[Site "Montreal CAN"]
[Date "2018.02.07"]
[Round "5"]
[White "Have, Didier"]
[Black "Tremblay, Alain"]
[Result "1-0"]
[WhiteElo "2069"]
[BlackElo "2092"]
[PlyCount "91"]
[EventDate "2018.01.10"]
[EventType "tourn"]
[EventRounds "5"]
[EventCountry "CAN"]

1. d4 d6 2. Bf4 g6 3. Nc3 Bg7 4. e4 Nc6 5. Nf3 Bg4 6. Bb5 a6 7. Bxc6+ bxc6 8.
Be3 Rb8 9. Rb1 c5 10. dxc5 Rxb2 11. Bd4 Rxb1 12. Qxb1 e5 13. Be3 Ne7 14. O-O
O-O 15. Rd1 Qc8 16. Rd3 Be6 17. Nd2 Rd8 18. cxd6 cxd6 19. Na4 d5 20. Rc3 Qa8
21. Nb6 Qb7 22. Rb3 Qc6 23. exd5 Nxd5 24. Nxd5 Bxd5 25. Rb8 Qc7 26. Rxd8+ Qxd8
27. c4 Be6 28. Qb6 Qc8 29. c5 Bf8 30. Ne4 Be7 31. h3 Bd8 32. Qd6 Bc7 33. Qe7
Qd8 34. Nf6+ Kh8 35. Qe8+ Qxe8 36. Nxe8 Bd8 37. c6 Be7 38. Bh6 Bxa2 39. Bg7+
Kg8 40. Bxe5 Kf8 41. Nc7 a5 42. Nb5 Ke8 43. Na7 f6 44. Bd4 Bd6 45. Bb6 a4 46.
c7 1-0

[Event "Mercredi 2018.01.10 ABCD"]
[Site "Montreal CAN"]
[Date "2018.02.07"]
[Round "5"]
[White "Jacquet, Stephane"]
[Black "Nunez, Omar"]
[Result "1-0"]
[WhiteElo "1931"]
[BlackElo "1974"]
[PlyCount "93"]
[EventDate "2018.01.10"]
[EventType "tourn"]
[EventRounds "5"]
[EventCountry "CAN"]

1. d4 c5 2. d5 e5 3. e4 Nf6 4. Nc3 d6 5. Nf3 Be7 6. Be2 O-O 7. O-O Ne8 8. a4
Na6 9. Nd2 Bg5 10. Nc4 Bxc1 11. Qxc1 f5 12. f4 exf4 13. Qxf4 Nb4 14. Bd3 Rf6
15. Rae1 Nxd3 16. cxd3 fxe4 17. Qxe4 Rxf1+ 18. Kxf1 Qf6+ 19. Kg1 Bf5 20. Qe3
Qd4 21. Qxd4 cxd4 22. Ne4 Rd8 23. Na5 Rd7 24. Nb3 Bxe4 25. dxe4 d3 26. Kf2 Nf6
27. Ke3 Re7 28. Kd4 Re5 29. Nd2 Rg5 30. g3 Nd7 31. Nf3 Rh5 32. Kxd3 Nc5+ 33.
Kd4 Nxa4 34. b4 Rh6 35. Rc1 Nb6 36. Rc7 Rf6 37. Ng5 h6 38. Ne6 Rf7 39. Rxf7
Kxf7 40. Nd8+ Ke7 41. Nxb7 Nd7 42. Na5 a6 43. Nc4 Nf6 44. Nxd6 Kxd6 45. e5+ Kd7
46. exf6 gxf6 47. g4 1-0

[Event "Mercredi 2018.01.10 ABCD"]
[Site "Montreal CAN"]
[Date "2018.02.07"]
[Round "5"]
[White "Lebeau, Gilbert"]
[Black "Chang, Alexander RZ"]
[Result "1-0"]
[WhiteElo "1954"]
[BlackElo "1910"]
[PlyCount "95"]
[EventDate "2018.01.10"]
[EventType "tourn"]
[EventRounds "5"]
[EventCountry "CAN"]

1. d4 d5 2. c4 e6 3. Nc3 Nf6 4. Bg5 Be7 5. cxd5 exd5 6. Qc2 O-O 7. e3 Be6 8.
Bd3 h6 9. Bh4 Nbd7 10. Nf3 c6 11. h3 Bd6 12. O-O-O b5 13. g4 Rc8 14. Kb1 b4 15.
Ne2 c5 16. dxc5 Nxc5 17. Qd2 Be7 18. Bxf6 Bxf6 19. Nfd4 Qb6 20. f4 Ne4 21. Bxe4
dxe4 22. Nxe6 Qxe6 23. Qd5 Qxd5 24. Rxd5 Rfd8 25. Rhd1 Rxd5 26. Rxd5 Rd8 27.
Rxd8+ Bxd8 28. Ng3 Bb6 29. Nxe4 Bxe3 30. f5 f6 31. Kc2 Kf7 32. Kd3 Bb6 33. Kc4
b3 34. Kxb3 Ke7 35. Kc4 Kd7 36. Kd5 a6 37. Nc5+ Bxc5 38. Kxc5 Kc7 39. b4 Kb7
40. Kd6 Kb6 41. a4 a5 42. b5 Kb7 43. Ke7 Kb6 44. Kf7 Kc5 45. Kxg7 Kd6 46. Kxf6
Kd5 47. Ke7 Kc5 48. f6 1-0

[Event "Mercredi 2018.01.10 ABCD"]
[Site "Montreal CAN"]
[Date "2018.02.07"]
[Round "5"]
[White "Nesterov, Timour"]
[Black "Beaulieu, Pierre"]
[Result "0-1"]
[WhiteElo "1884"]
[BlackElo "1820"]
[PlyCount "82"]
[EventDate "2018.01.10"]
[EventType "tourn"]
[EventRounds "5"]
[EventCountry "CAN"]

1. d4 Nf6 2. Bf4 g6 3. Nc3 Bg7 4. e4 d6 5. Qd2 h6 6. h4 a6 7. O-O-O Nc6 8. f3
Nh5 9. Be3 Ng3 10. Rh2 e5 11. Nge2 exd4 12. Nxd4 Ne5 13. Bd3 c5 14. Nde2 Nh5
15. Nf4 Nxf4 16. Bxf4 Be6 17. Be2 Qf6 18. g4 O-O-O 19. g5 Qe7 20. gxh6 Bf8 21.
Bg5 f6 22. Be3 Qf7 23. Kb1 Bc4 24. b3 Bxe2 25. Qxe2 Bxh6 26. f4 Nc6 27. Rg2 f5
28. e5 dxe5 29. Rxd8+ Nxd8 30. fxe5 Bxe3 31. Qxe3 Ne6 32. Qg3 Rg8 33. Rd2 Nd4
34. Qd3 Qe6 35. Na4 Qxe5 36. c3 Nb5 37. Nb6+ Kc7 38. Nd5+ Kb8 39. Re2 Qxd5 40.
Qg3+ Qd6 41. Qe1 Nxc3+ 0-1

[Event "Mercredi 2018.01.10 ABCD"]
[Site "Montreal CAN"]
[Date "2018.02.07"]
[Round "5"]
[White "O'Connor, Michael"]
[Black "Baran, Marius"]
[Result "1/2-1/2"]
[WhiteElo "1845"]
[BlackElo "1890"]
[PlyCount "66"]
[EventDate "2018.01.10"]
[EventType "tourn"]
[EventRounds "5"]
[EventCountry "CAN"]

1. d4 d5 2. c4 e6 3. Nc3 Nf6 4. Bg5 Be7 5. e3 O-O 6. Nf3 Nbd7 7. Qc2 c6 8. Bh4
dxc4 9. Bxc4 Nd5 10. Bg3 Nxc3 11. bxc3 h6 12. O-O b5 13. Bd3 Bb7 14. a4 a6 15.
Rfb1 c5 16. axb5 axb5 17. Bxb5 Bxf3 18. gxf3 Nf6 19. Qd3 Nh5 20. Qe4 Rxa1 21.
Rxa1 Qb6 22. c4 cxd4 23. Qxd4 Bc5 24. Qe4 Nxg3 25. hxg3 Rd8 26. f4 Qd6 27. Ra8
g6 28. Kg2 Rxa8 29. Qxa8+ Kg7 30. Qa1+ Kg8 31. Qf6 h5 32. Be8 Qf8 33. Bb5 Be7
1/2-1/2

[Event "Mercredi 2018.01.10 ABCD"]
[Site "Montreal CAN"]
[Date "2018.02.07"]
[Round "5"]
[White "Pomerantz, Daniel"]
[Black "Zheng, Richard"]
[Result "1/2-1/2"]
[WhiteElo "2051"]
[BlackElo "2094"]
[PlyCount "99"]
[EventDate "2018.01.10"]
[EventType "tourn"]
[EventRounds "5"]
[EventCountry "CAN"]

1. e4 e5 2. Nf3 Nc6 3. Bb5 f5 4. Nc3 fxe4 5. Nxe4 Nf6 6. Qe2 Qe7 7. O-O d5 8.
Nxf6+ gxf6 9. d4 e4 10. Nh4 Be6 11. g3 Bg7 12. c3 O-O 13. Bf4 Nd8 14. Rfe1 c6
15. Ba4 f5 16. Qd2 Bd7 17. Ng2 Ne6 18. Be3 Bf6 19. Nf4 Rac8 20. Bd1 Kh8 21. Kg2
Rg8 22. Nxe6 Bxe6 23. Bf4 Bf7 24. Rc1 Bg5 25. Bxg5 Qxg5 26. Qxg5 Rxg5 27. f4
Rgg8 28. Kf2 Kg7 29. Be2 Kf6 30. Rg1 Be6 31. h3 Rc7 32. g4 Rcg7 33. g5+ Kg6 34.
h4 h6 35. Ke3 Kf7 36. Rh1 Ke7 37. Rcg1 Bf7 38. Rg3 h5 39. Rgg1 b6 40. b4 Ra8
41. Rb1 Rgg8 42. Rhg1 a6 43. Rb3 b5 44. Ra3 Bg6 45. Ra5 Kd6 46. Ra1 Kc7 47. a4
Kb7 48. axb5 axb5 49. Kd2 Rgf8 50. Rxa8 1/2-1/2

[Event "Mercredi 2018.01.10 ABCD"]
[Site "Montreal CAN"]
[Date "2018.02.07"]
[Round "5"]
[White "Soudre, Nicolas"]
[Black "Leveille, Francois"]
[Result "1/2-1/2"]
[WhiteElo "2253"]
[BlackElo "2310"]
[PlyCount "161"]
[EventDate "2018.01.10"]
[EventType "tourn"]
[EventRounds "5"]
[EventCountry "CAN"]

1. e4 e5 2. f4 exf4 3. Bc4 Nf6 4. Nc3 c6 5. Bb3 d5 6. exd5 Bd6 7. Nf3 O-O 8.
O-O Bg4 9. d4 Nbd7 10. Qd3 Qb6 11. Na4 Qc7 12. c4 cxd5 13. c5 Be7 14. Ng5 h6
15. Bxf4 Qd8 16. Nf3 Nh5 17. Bd2 Be6 18. Nc3 Nhf6 19. Bc2 Re8 20. b4 a5 21. b5
Nf8 22. Rae1 Ne4 23. Nxe4 dxe4 24. Qxe4 Bxa2 25. Qg4 Be6 26. Qg3 Bf6 27. Bxh6
Bxd4+ 28. Kh1 Bf6 29. Ne5 Rc8 30. Rxf6 Qxf6 31. Bg5 Qxg5 32. Qxg5 f6 33. Qg3
fxe5 34. Rxe5 Bf7 35. h3 Rxe5 36. Qxe5 Rd8 37. Qc3 Rc8 38. Be4 Ne6 39. c6 bxc6
40. bxc6 Ng5 41. Bf5 Be6 42. Qe5 Rxc6 43. Bxe6+ Nxe6 44. Qxa5 Nf8 45. Qa8 Rf6
46. g4 g6 47. Qd8 Kg7 48. Qe7+ Rf7 49. Qe5+ Kg8 50. Kg2 Nh7 51. Qe8+ Kg7 52.
Qe5+ Kg8 53. Qe6 Kg7 54. h4 Nf8 55. Qe5+ Kg8 56. Qg5 Kh7 57. Qd5 Kg7 58. h5
gxh5 59. gxh5 Rd7 60. Qe5+ Kg8 61. h6 Rh7 62. Qg5+ Kh8 63. Kf3 Rd7 64. Qf6+ Kg8
65. Qg5+ Kh8 66. Ke4 Rh7 67. Kd3 Rd7+ 68. Kc4 Kh7 69. Qf5+ Kg8 70. Qg5+ Kh8 71.
Qg4 Rh7 72. Qd4+ Kg8 73. Qd5+ Kh8 74. Qd6 Kg8 75. Kb5 Rd7 76. Qg3+ Kh8 77. Qf4
Kg8 78. Qg4+ Kh8 79. Qf5 Kg8 80. h7+ Rxh7 81. Qxh7+ 1/2-1/2

[Event "Mercredi 2018.02.21 ABCD"]
[Site "Montreal CAN"]
[Date "2018.02.21"]
[Round "1"]
[White "Barko, Maxim"]
[Black "Nesterov, Timour"]
[Result "1-0"]
[WhiteElo "1949"]
[BlackElo "1847"]
[PlyCount "47"]
[EventDate "2018.02.21"]
[EventType "tourn"]
[EventRounds "5"]
[EventCountry "CAN"]

1. e4 d5 2. exd5 Qxd5 3. Nc3 Qa5 4. Bc4 Nf6 5. d4 Bg4 6. Nf3 Nc6 7. h3 Qh5 8.
Be2 e6 9. O-O Bxh3 10. Ne5 Qf5 11. Bd3 Bg4 12. f3 Bxf3 13. Rxf3 Qh5 14. Bb5
O-O-O 15. Bxc6 bxc6 16. Nxc6 Rd7 17. Qd3 Rd6 18. Nxa7+ Kd8 19. Bf4 Rb6 20. Qc4
Bd6 21. Bxd6 Rxd6 22. Ncb5 Rd7 23. Nc6+ Ke8 24. Ra3 1-0

[Event "Mercredi 2018.02.21 ABCD"]
[Site "Montreal CAN"]
[Date "2018.02.21"]
[Round "1"]
[White "Brassard, Sylvain"]
[Black "Zumsteg, Nicolas"]
[Result "1-0"]
[WhiteElo "1884"]
[BlackElo "1860"]
[PlyCount "128"]
[EventDate "2018.02.21"]
[EventType "tourn"]
[EventRounds "5"]
[EventCountry "CAN"]

1. d4 Nf6 2. Nf3 d5 3. Bf4 e6 4. e3 c5 5. c3 Nh5 6. Bg5 Be7 7. Bxe7 Qxe7 8. Be2
O-O 9. Nbd2 b6 10. O-O Ba6 11. Bxa6 Nxa6 12. Qe2 Nc7 13. Ne5 Nf6 14. f4 Ne4 15.
Qd3 Nxd2 16. Qxd2 f6 17. Nf3 Ne8 18. Qc2 Nd6 19. Rae1 Ne4 20. Nd2 Nxd2 21. Qxd2
f5 22. Qe2 c4 23. Kh1 b5 24. g4 fxg4 25. Qxg4 Rf6 26. Qh4 Qf7 27. Rg1 Rg6 28.
Rg5 Rxg5 29. Qxg5 h6 30. Qe5 Qf5 31. e4 Qxe5 32. fxe5 dxe4 33. Rxe4 Rf8 34. Kg2
g5 35. h4 Kg7 36. hxg5 hxg5 37. Re3 Rh8 38. Rf3 Rh6 39. b3 cxb3 40. axb3 Rh8
41. Kg3 a5 42. Kg4 Rc8 43. Kxg5 a4 44. bxa4 bxa4 45. Rf6 Rxc3 46. Rxe6 Kf7 47.
d5 Rd3 48. Rf6+ Ke8 49. d6 Kd7 50. Kf4 a3 51. Ke4 Rd2 52. Rf7+ Ke8 53. Ra7 a2
54. Kf5 Rh2 55. Ke6 Rh6+ 56. Kd5 Rh2 57. Ra8+ Kf7 58. e6+ Kf6 59. e7 Rh8 60.
Rxa2 Kf7 61. Rf2+ Ke8 62. Kc6 Rg8 63. Rf8+ Rxf8 64. exf8=Q+ Kxf8 1-0

[Event "Mercredi 2018.02.21 ABCD"]
[Site "Montreal CAN"]
[Date "2018.02.21"]
[Round "1"]
[White "Chang, Alexander RZ"]
[Black "Baran, Marius"]
[Result "1-0"]
[WhiteElo "1899"]
[BlackElo "1851"]
[PlyCount "143"]
[EventDate "2018.02.21"]
[EventType "tourn"]
[EventRounds "5"]
[EventCountry "CAN"]

1. e4 c5 2. Nf3 d6 3. d4 cxd4 4. Nxd4 Nf6 5. Nc3 a6 6. Bg5 e6 7. f4 Be7 8. Qf3
Qc7 9. O-O-O O-O 10. g4 Nc6 11. Nb3 Bd7 12. Bxf6 Bxf6 13. g5 Be7 14. Bd3 Nb4
15. h4 Rac8 16. Kb1 b5 17. a3 Nxd3 18. Rxd3 Bc6 19. Nd4 Bd7 20. f5 d5 21. exd5
exf5 22. Nxf5 Bxf5 23. Qxf5 b4 24. axb4 Bxb4 25. Rhd1 Qb6 26. Na2 Bd6 27. Rb3
Qa7 28. Nb4 Rc4 29. Nc6 Qc7 30. h5 Rf4 31. Qd3 Ra8 32. g6 fxg6 33. hxg6 hxg6
34. Qxg6 Rf6 35. Qe4 Raf8 36. Rh3 g6 37. Re1 Qf7 38. Ne7+ Bxe7 39. Qxe7 Qxe7
40. Rxe7 Rf1+ 41. Ka2 Rd1 42. Rhh7 Rc8 43. Reg7+ Kf8 44. Rxg6 Rxc2 45. Rxa6 Kg8
46. Rb7 Rc8 47. d6 Rd8 48. Rbb6 Rd7 49. b3 Kf7 50. Ka3 Ra1+ 51. Kb4 Rxa6 52.
Rxa6 Rb7+ 53. Kc4 Ke6 54. b4 Kd7 55. b5 Rb8 56. Kc5 Rc8+ 57. Rc6 Ra8 58. Rc7+
Kd8 59. Kc6 Ra1 60. b6 Rc1+ 61. Kb7 Rd1 62. d7 Rb1 63. Ka7 Ra1+ 64. Kb8 Rb1 65.
Kb7 Rb2 66. Rc4 Kxd7 67. Rd4+ Ke7 68. Ka6 Ra2+ 69. Kb5 Rb2+ 70. Rb4 Rd2 71. b7
Rd8 72. Kb6 1-0

[Event "Mercredi 2018.02.21 ABCD"]
[Site "Montreal CAN"]
[Date "2018.02.21"]
[Round "1"]
[White "Guipi Bopala, Prince Eric jr"]
[Black "Millette, Sylvain"]
[Result "1-0"]
[WhiteElo "1838"]
[BlackElo "1727"]
[PlyCount "55"]
[EventDate "2018.02.21"]
[EventType "tourn"]
[EventRounds "5"]
[EventCountry "CAN"]

1. d4 Nf6 2. Nf3 g6 3. Bg5 Bg7 4. e3 d5 5. Be2 c6 6. h3 Qa5+ 7. c3 O-O 8. O-O
Nbd7 9. Nbd2 Qd8 10. c4 dxc4 11. Nxc4 Nb6 12. Rc1 Be6 13. b3 Ne4 14. Bf4 Nxc4
15. Bxc4 Bxc4 16. Rxc4 Qa5 17. Rc2 Rad8 18. Qe1 Qd5 19. Qe2 f6 20. Rcc1 e5 21.
Bh2 exd4 22. Nxd4 f5 23. Rfd1 c5 24. Nb5 Nd2 25. Bd6 Rxd6 26. Nxd6 Qxd6 27.
Qxd2 Qxd2 28. Rxd2 1-0

[Event "Mercredi 2018.02.21 ABCD"]
[Site "Montreal CAN"]
[Date "2018.02.21"]
[Round "1"]
[White "Have, Didier"]
[Black "Nunez, Omar"]
[Result "1/2-1/2"]
[WhiteElo "2053"]
[BlackElo "1968"]
[PlyCount "61"]
[EventDate "2018.02.21"]
[EventType "tourn"]
[EventRounds "5"]
[EventCountry "CAN"]

1. d4 c5 2. d5 e5 3. e4 d6 4. Nf3 Be7 5. Nc3 a6 6. a4 Bg4 7. Be2 Bxf3 8. Bxf3
Bg5 9. O-O Nd7 10. Be2 Bxc1 11. Qxc1 Ne7 12. f4 exf4 13. Qxf4 Ne5 14. Nd1 O-O
15. Ra3 f5 16. exf5 Rxf5 17. Qe4 Rxf1+ 18. Bxf1 Qd7 19. Rb3 Rf8 20. Ne3 N7g6
21. c3 Rf4 22. Qc2 Rf7 23. Ra3 Qd8 24. Ra1 Qg5 25. Qc1 Nf3+ 26. Kh1 Nxh2 27.
Kxh2 Qh4+ 28. Kg1 Qf2+ 29. Kh1 Qh4+ 30. Kg1 Qf2+ 31. Kh1 1/2-1/2

[Event "Mercredi 2018.02.21 ABCD"]
[Site "Montreal CAN"]
[Date "2018.02.21"]
[Round "1"]
[White "Jean, Robert"]
[Black "Gates, Claude-Eric"]
[Result "1-0"]
[WhiteElo "1736"]
[BlackElo "1782"]
[PlyCount "65"]
[EventDate "2018.02.21"]
[EventType "tourn"]
[EventRounds "5"]
[EventCountry "CAN"]

1. d4 Nf6 2. c4 e5 3. dxe5 Ng4 4. Nf3 Bc5 5. e3 Nc6 6. Nc3 Ncxe5 7. Nxe5 Nxe5
8. f4 Ng6 9. Bd3 Qh4+ 10. g3 Qh3 11. Bf1 Qe6 12. Nd5 O-O 13. Nxc7 Qe4 14. Qd5
Bb4+ 15. Kf2 Qc2+ 16. Be2 Rb8 17. Qd3 Qa4 18. Nd5 Bc5 19. b3 Qa6 20. b4 Be7 21.
f5 d6 22. Bb2 Be6 23. Nxe7+ Nxe7 24. fxe6 fxe6+ 25. Kg2 Qc6+ 26. e4 d5 27. b5
Qd6 28. Qc3 Rf7 29. Rhf1 Rbf8 30. Rxf7 Rxf7 31. Rf1 e5 32. Rxf7 Kxf7 33. Qxe5
1-0

[Event "Mercredi 2018.02.21 ABCD"]
[Site "Montreal CAN"]
[Date "2018.02.21"]
[Round "1"]
[White "Li, Sherry"]
[Black "Zhe, Jia"]
[Result "1-0"]
[WhiteElo "2036"]
[BlackElo "1973"]
[PlyCount "131"]
[EventDate "2018.02.21"]
[EventType "tourn"]
[EventRounds "5"]
[EventCountry "CAN"]

1. e4 c5 2. Nf3 d6 3. d4 cxd4 4. Nxd4 Nf6 5. Nc3 a6 6. Be2 e5 7. Nb3 Be6 8. O-O
Nbd7 9. f4 exf4 10. Bxf4 Ne5 11. Qd4 Nc6 12. Qf2 Ne5 13. Rad1 Qc7 14. Qg3 h5
15. h3 h4 16. Qf2 Be7 17. Nd4 Qb6 18. Be3 Qa5 19. a3 Nfd7 20. Nf5 Bxf5 21. Qxf5
g6 22. Qf2 Rc8 23. Nd5 Rxc2 24. Nxe7 Kxe7 25. Bg5+ Ke8 26. Bf6 Rh7 27. Rc1 Qc5
28. Rxc2 Qxc2 29. Bxe5 dxe5 30. Qf3 Nc5 31. b4 Ne6 32. Qe3 Nf4 33. Bf3 Qd3 34.
Qc1 Kf8 35. Qc5+ Kg8 36. Rd1 Ne2+ 37. Bxe2 Qxe2 38. Rd8+ Kg7 39. Qf8+ Kf6 40.
Rd6+ Kg5 41. Qe7+ Kh5 42. Qxe5+ g5 43. Rf6 Qe3+ 44. Kh2 Qxa3 45. Qd6 Qb3 46.
Qd2 Qg3+ 47. Kh1 Rg7 48. Qd1+ g4 49. Qd2 Rg5 50. hxg4+ Qxg4 51. Rxf7 Rg7 52.
Qd5+ Kh6 53. Rxg7 Qxg7 54. e5 Qg3 55. Qe6+ Kh7 56. Qf5+ Kg8 57. Qc8+ Kh7 58.
Qxb7+ Kg8 59. Qe4 Qg5 60. Qa8+ Kh7 61. Qa7+ Kg8 62. Qb8+ Kh7 63. Qc7+ Kh6 64.
e6 Qf6 65. e7 h3 66. Qc1+ 1-0

[Event "Mercredi 2018.02.21 ABCD"]
[Site "Montreal CAN"]
[Date "2018.03.05"]
[Round "1"]
[White "Lopez Linares, Lizandro"]
[Black "Boudreau, Daniel"]
[Result "0-1"]
[WhiteElo "2242"]
[BlackElo "2118"]
[PlyCount "72"]
[EventDate "2018.02.21"]
[EventType "tourn"]
[EventRounds "5"]
[EventCountry "CAN"]

1. d4 d5 2. c4 e6 3. Nc3 a6 4. cxd5 exd5 5. Nf3 Nf6 6. Bg5 Be7 7. Qc2 h6 8. Bh4
O-O 9. e3 Be6 10. Bd3 Nbd7 11. O-O Rc8 12. Bxf6 Nxf6 13. Na4 c6 14. Rfc1 Bd6
15. Rab1 Qe7 16. Nc5 Rce8 17. b4 Bc8 18. a4 Ne4 19. b5 axb5 20. axb5 Bg4 21.
Bxe4 dxe4 22. Nd2 f5 23. bxc6 bxc6 24. Rb7 Qh4 25. g3 Qh3 26. Qc4+ Kh8 27. Qf1
Qh5 28. Nd7 Rf7 29. Nc5 Bxc5 30. Rxf7 Bb4 31. Qc4 Bxd2 32. Ra1 Be2 33. Qa2 Bb4
34. h4 Bd6 35. Rd7 Bxg3 36. Qf7 Bh2+ 0-1

[Event "Mercredi 2018.02.21 ABCD"]
[Site "Montreal CAN"]
[Date "2018.02.21"]
[Round "1"]
[White "Nardone, Raul"]
[Black "Dumouchel, Alain"]
[Result "1-0"]
[WhiteElo "1762"]
[BlackElo "1809"]
[PlyCount "89"]
[EventDate "2018.02.21"]
[EventType "tourn"]
[EventRounds "5"]
[EventCountry "CAN"]

1. c4 Nf6 2. Nc3 g6 3. e4 d6 4. g3 Bg7 5. Bg2 O-O 6. Nge2 c6 7. O-O Nbd7 8. d3
a5 9. Qc2 Kh8 10. Kh1 Ng8 11. Be3 Bh6 12. f4 e5 13. Bg1 f5 14. Rad1 Qe8 15. d4
exf4 16. Nxf4 g5 17. Nd3 f4 18. gxf4 gxf4 19. Ne2 f3 20. Bxf3 Ndf6 21. Ng3 Bh3
22. Rfe1 Qg6 23. Qe2 Rae8 24. Nf2 Bd7 25. Qd3 Ng4 26. Nxg4 Rxf3 27. Qxf3 Bxg4
28. Qd3 d5 29. cxd5 cxd5 30. e5 Qe6 31. Rf1 Bxd1 32. Qxd1 Rf8 33. Rxf8 Bxf8 34.
Qf3 Bg7 35. Be3 Ne7 36. Nh5 Qf5 37. Qxf5 Nxf5 38. Nxg7 Kxg7 39. Bf2 Ne7 40. Kg2
Kg6 41. Kf3 Kf5 42. Be1 a4 43. Ke3 Kg4 44. Bb4 Nc6 45. e6 1-0

[Event "Mercredi 2018.02.21 ABCD"]
[Site "Montreal CAN"]
[Date "2018.02.21"]
[Round "1"]
[White "Pomerantz, Daniel"]
[Black "Jacquet, Stephane"]
[Result "1-0"]
[WhiteElo "2029"]
[BlackElo "1991"]
[PlyCount "59"]
[EventDate "2018.02.21"]
[EventType "tourn"]
[EventRounds "5"]
[EventCountry "CAN"]

1. e4 d6 2. d4 Nf6 3. Nc3 g6 4. Nf3 Bg7 5. h3 O-O 6. Be3 b6 7. Bd3 c5 8. e5 Ne8
9. Be4 Nc7 10. Bxa8 Nxa8 11. O-O Nc6 12. exd6 exd6 13. Bg5 Qd7 14. dxc5 bxc5
15. Ne4 Bxb2 16. Bf6 Bxa1 17. Bxa1 Qe6 18. Nf6+ Kg7 19. Nxh7+ f6 20. Nxf8 Kxf8
21. Re1 Ne5 22. Nxe5 dxe5 23. Qf3 Nb6 24. Rxe5 Qd6 25. Re1 Kf7 26. Qe3 Bd7 27.
Qh6 g5 28. Qh7+ Kf8 29. Qg6 Nd5 30. c4 1-0

[Event "Mercredi 2018.02.21 ABCD"]
[Site "Montreal CAN"]
[Date "2018.02.21"]
[Round "1"]
[White "Tremblay, Alain"]
[Black "Zheng, Richard"]
[Result "1-0"]
[WhiteElo "2070"]
[BlackElo "2098"]
[PlyCount "65"]
[EventDate "2018.02.21"]
[EventType "tourn"]
[EventRounds "5"]
[EventCountry "CAN"]

1. c4 e6 2. Nf3 d5 3. b3 c6 4. g3 f5 5. Bg2 Nf6 6. O-O Bd6 7. Bb2 O-O 8. d4 b6
9. Ne5 Bb7 10. Nd2 Nbd7 11. Nd3 Rc8 12. Nf3 Qe7 13. Nfe5 Rfd8 14. e3 c5 15.
Nxd7 Qxd7 16. cxd5 exd5 17. dxc5 bxc5 18. Bxf6 gxf6 19. Qh5 c4 20. Nf4 Bxf4 21.
exf4 Rc7 22. bxc4 Rxc4 23. Rfe1 Bc8 24. Rad1 d4 25. Bd5+ Qxd5 26. Re7 Kf8 27.
Rde1 Be6 28. R7xe6 Rc7 29. Qh6+ Kg8 30. Re8+ Rxe8 31. Rxe8+ Kf7 32. Rf8+ Ke7
33. Qxf6+ 1-0